Historia social del movimiento obrero europeo

Saved in:
Bibliografiske detaljer
Hovedforfatter: Abendroth, Wolfgang (Author)
Format: Bog
Sprog:spansk
Udgivet: Barcelona Estela 1970
Udgivelse:2a. ed
Fag:
Tags: Tilføj Tag
Ingen Tags, Vær først til at tagge denne postø!

MARC

LEADER 00000nam a2200000 a 4500
001 UCO0203
003 CL-VaPUC
008 000420e19700000SP |||||||||||||||||spa|d
082 0 4 |a 322.2  |b ABE  |2 21 
100 0 |a Abendroth, Wolfgang  |e author  |9 441311 
245 1 0 |a Historia social del movimiento obrero europeo 
250 |a 2a. ed 
300 |a 184 p 
942 |c BK 
945 |d 20000420 00:00:00  |a crobeson 
260 |a Barcelona  |b Estela  |c 1970 
600 0 7 |a ASOCIACION INTERNACIONAL DE TRABAJADORES  |2 CL-VaPUC  |9 441312 
650 0 |a Movimiento obrero   |9 322899 
651 0 |a Europa  |9 255156 
583 |a last modification  |c 20000420 00:00:00  |k Rodrigo Vera 
999 |c 286919  |d 286917 
952 |0 0  |1 0  |4 0  |6 322_200000000000000_ABE_1970  |7 0  |8 A  |9 333188  |a BIBHIS  |b BIBHIS  |d 2019-11-20  |i 1399519  |o 322.2 ABE 1970  |p 1399519  |r 2025-01-20  |w 2019-11-20  |y BK  |k HIS